[Event "Championnat de France des Jeunes - Pupil"]
[Site "LE GRAND BORNAND"]
[Date "????.??.??"]
[Round "4.7"]
[White "Luciani, Thibault"]
[Black "Roubaud, Alexandre"]
[Result "1/2-1/2"]
[WhiteElo "1737"]
[BlackElo "1821"]
[PlyCount "91"]

1. e4 c5 2. Nc3 Nc6 3. g3 d6 4. d3 g6 5. Bg2 Bg7 6. Be3 e6 7. Qd2 Nd4 8. Nd1
Bd7 9. c3 Nc6 10. Nf3 Nf6 11. h3 O-O 12. Bh6 Re8 13. Bxg7 Kxg7 14. h4 e5 15.
Ne3 Ne7 16. c4 Qc8 17. Rc1 h5 18. Nd5 Nfxd5 19. cxd5 Qd8 20. b4 b6 21. bxc5
bxc5 22. O-O Rb8 23. Qc2 Qa5 24. Rb1 Rb6 25. Rxb6 axb6 26. Qb2 Qa6 27. Rb1 b5
28. Bf1 Nc8 29. Qb3 Nb6 30. Qc2 Ra8 31. Ra1 Qa3 32. Nd2 Qa7 33. Nb3 Na4 34. Nc1
Nb6 35. Nb3 Rc8 36. Nd2 Kh7 37. Qb3 Qa6 38. Rc1 Ra8 39. Ra1 Rc8 40. Rc1 Ra8 41.
Ra1 Rc8 42. Rc1 Ra8 43. Ra1 Rc8 44. Rc1 Ra8 45. Ra1 Rc8 46. Rc1 1/2-1/2

[Event "Championnat de France des Jeunes - Pupil"]
[Site "LE GRAND BORNAND"]
[Date "????.??.??"]
[Round "4.8"]
[White "Ringuet, Noe"]
[Black "Bernard, Alien"]
[Result "1-0"]
[WhiteElo "1640"]
[BlackElo "1690"]
[PlyCount "45"]

1. e4 e5 2. Nc3 Nf6 3. f4 d6 4. Nf3 Nc6 5. Bb5 Bd7 6. d3 Qe7 7. Be3 O-O-O 8.
O-O Qe8 9. a4 a6 10. Qb1 axb5 11. axb5 Nb8 12. Ra8 Bg4 13. Qa2 Kd7 14. Ng5 h6
15. Qxf7+ Qe7 16. fxe5 hxg5 17. Qxe7+ Kxe7 18. exf6+ gxf6 19. Nd5+ Ke6 20.
Rxf6+ Ke5 21. c3 c5 22. bxc6 Nxc6 23. Rxd8 1-0

[Event "Championnat de France des Jeunes - Pupil"]
[Site "LE GRAND BORNAND"]
[Date "????.??.??"]
[Round "4.9"]
[White "Giroyan, Gary"]
[Black "Damour, Theo"]
[Result "1-0"]
[WhiteElo "1967"]
[BlackElo "1590"]
[PlyCount "47"]

1. e4 e5 2. Nf3 Nc6 3. Bb5 Nge7 4. c3 g6 5. O-O Bg7 6. d4 exd4 7. cxd4 d5 8.
exd5 Nxd5 9. Re1+ Be6 10. Ng5 O-O 11. Bxc6 bxc6 12. Ne4 Re8 13. Nbc3 Rb8 14.
Qa4 Rb4 15. Qxc6 Rxd4 16. Nxd5 Bxd5 17. Nf6+ Bxf6 18. Rxe8+ Kg7 19. Bh6+ Kxh6
20. Qc1+ Bg5 21. Rxd8 Bxc1 22. Rxc1 c6 23. h3 Kg5 24. Rxc6 1-0

[Event "Championnat de France des Jeunes - Pupil"]
[Site "LE GRAND BORNAND"]
[Date "????.??.??"]
[Round "4.10"]
[White "Grandadam, Patrick"]
[Black "Aubry, Yannis"]
[Result "1/2-1/2"]
[WhiteElo "1903"]
[BlackElo "1540"]
[PlyCount "138"]

1. d4 Nf6 2. Nf3 d5 3. c4 e6 4. Nc3 Nbd7 5. e3 c6 6. Bd3 dxc4 7. Bxc4 Nb6 8.
Bd3 Be7 9. O-O O-O 10. e4 Qc7 11. Qc2 h6 12. Be3 Rd8 13. h3 Bd7 14. Rac1 Rac8
15. Qd2 Rf8 16. Bf4 Qd8 17. Bb1 Be8 18. Qc2 Nfd7 19. Rfe1 Kh7 20. e5+ g6 21.
Ne4 Nd5 22. Bh2 Kg7 23. Nfd2 N7b6 24. a3 c5 25. dxc5 Na4 26. b4 b6 27. Nc4 bxc5
28. Ncd6 Rc7 29. bxc5 Bxd6 30. exd6 Rc8 31. Red1 f5 32. Be5+ Kh7 33. Ng3 Rxc5
34. Qd2 Rxc1 35. Rxc1 Nab6 36. Ba2 Bb5 37. Bd4 Re8 38. Bxb6 axb6 39. Bxd5 Qxd6
40. Qb2 Qxd5 41. Rc7+ Bd7 42. Qxb6 Rc8 43. Rxc8 Bxc8 44. Qc7+ Qd7 45. Qc4 Kg8
46. h4 Kf7 47. h5 Kf6 48. Qc3+ Kf7 49. Qh8 gxh5 50. Qxh6 Qd1+ 51. Kh2 Ke7 52.
Nxh5 Qd6+ 53. Ng3 Qxa3 54. Qg7+ Kd8 55. Nh5 Qe7 56. Qh8+ Qe8 57. Qd4+ Qd7 58.
Qxd7+ Kxd7 59. Kg3 Ke7 60. Kf4 Kf7 61. Ke5 Kg6 62. Nf4+ Kf7 63. f3 Ke7 64. g4
fxg4 65. fxg4 Kf7 66. g5 Bd7 67. g6+ Kg7 68. Nxe6+ Bxe6 69. Kxe6 Kxg6 1/2-1/2

[Event "Championnat de France des Jeunes - Pupil"]
[Site "LE GRAND BORNAND"]
[Date "????.??.??"]
[Round "4.11"]
[White "Jaouen, Valentin"]
[Black "Feryn, Benjamin"]
[Result "0-1"]
[WhiteElo "1580"]
[BlackElo "1886"]
[PlyCount "78"]

1. e4 e5 2. Nf3 Nc6 3. Bc4 Bc5 4. c3 Nf6 5. d3 d6 6. O-O Bg4 7. Nbd2 O-O 8. a4
a6 9. b4 Bb6 10. Bb2 Ne7 11. Qc2 Ng6 12. h3 Bd7 13. d4 Qc8 14. Kh2 Nf4 15. Ng1
h6 16. Qd1 Re8 17. Qb3 Re7 18. f3 Ba7 19. a5 c6 20. Qd1 N6h5 21. g4 Nf6 22. Nb3
h5 23. g5 Nh7 24. h4 Nf8 25. dxe5 dxe5 26. Qd6 N8g6 27. Nc5 Bxc5 28. Qxc5 Be6
29. Bxe6 Qxe6 30. Rad1 Rae8 31. Kg3 Rd7 32. c4 Red8 33. Rxd7 Rxd7 34. Ba3 Rd2
35. Rf2 Nd3 36. Rxd2 Nxc5 37. bxc5 Qxc4 38. Rd7 Nf4 39. Rxb7 Qf1 0-1

[Event "Championnat de France des Jeunes - Pupil"]
[Site "LE GRAND BORNAND"]
[Date "????.??.??"]
[Round "4.12"]
[White "Wurtz, Guillaume"]
[Black "Ton-That, Nicolas"]
[Result "1/2-1/2"]
[WhiteElo "1569"]
[BlackElo "1862"]
[PlyCount "89"]

1. e4 c5 2. Nf3 Nc6 3. Nc3 g6 4. d4 cxd4 5. Nxd4 Bg7 6. Be3 Nf6 7. Be2 O-O 8.
O-O d5 9. exd5 Nb4 10. Bf3 Nbxd5 11. Nxd5 Nxd5 12. Bg5 Nc7 13. c3 Ne6 14. Nxe6
Bxe6 15. Qxd8 Rfxd8 16. Bxe7 Rd2 17. Ba3 Bf8 18. Bxf8 Kxf8 19. b3 Rc8 20. c4 b6
21. Rfd1 Rcd8 22. Kf1 Ke7 23. Ke1 Rb2 24. Rxd8 Kxd8 25. Rd1+ Ke7 26. Rd2 Rb1+
27. Ke2 Kf6 28. Bc6 Ra1 29. h3 h6 30. Be4 Ke5 31. Bd5 Bxd5 32. Rxd5+ Ke4 33.
Rd2 f6 34. f3+ Kf4 35. Kf2 h5 36. g3+ Ke5 37. a4 Rh1 38. Kg2 Rb1 39. Rd3 Rb2+
40. Kf1 g5 41. Rd5+ Ke6 42. Rd3 Ke5 43. Rd5+ Ke6 44. Rd3 Ke5 45. Rd5+ 1/2-1/2

[Event "Championnat de France des Jeunes - Pupil"]
[Site "LE GRAND BORNAND"]
[Date "????.??.??"]
[Round "4.13"]
[White "Noireaut, Hung"]
[Black "Kirk, Ezra"]
[Result "0-1"]
[WhiteElo "1480"]
[BlackElo "1830"]
[PlyCount "80"]

1. e4 e5 2. Nf3 Nf6 3. d4 exd4 4. e5 Bb4+ 5. Bd2 Bxd2+ 6. Qxd2 Nd5 7. Qxd4 Nb6
8. Nc3 Nc6 9. Qd2 O-O 10. Nd4 Nxe5 11. O-O-O Nec4 12. Qf4 a6 13. Nf5 Na5 14.
Qe5 Qg5+ 15. f4 Nc6 16. Qe4 Qf6 17. Bd3 g6 18. Ne3 d6 19. Rhf1 Bd7 20. f5 Qg7
21. Qh4 g5 22. Qh5 f6 23. h4 Be8 24. Qg4 h5 25. Qf3 g4 26. Qf2 Bf7 27. a3 d5
28. Qf4 Rac8 29. Ne2 Rfd8 30. g3 Ne5 31. Nd4 Re8 32. Rfe1 Nxd3+ 33. Rxd3 Re4
34. Qf2 Rce8 35. Nb3 Na4 36. Red1 c6 37. Nd2 R4e7 38. Re1 Nc5 39. Rc3 d4 40.
Rxc5 dxe3 0-1

[Event "Championnat de France des Jeunes - Pupil"]
[Site "LE GRAND BORNAND"]
[Date "????.??.??"]
[Round "4.14"]
[White "Neri, Jean-Baptiste"]
[Black "Soudani, Nassim"]
[Result "1-0"]
[WhiteElo "1822"]
[BlackElo "1510"]
[PlyCount "37"]

1. e4 c5 2. Nf3 Nc6 3. d4 cxd4 4. Nxd4 g6 5. Be3 Nf6 6. Nc3 d6 7. f3 Bg7 8. Qd2
O-O 9. O-O-O Rb8 10. g4 d5 11. g5 Nd7 12. Nxd5 Nde5 13. Nxc6 bxc6 14. Nf6+ exf6
15. Qxd8 Rxd8 16. Rxd8+ Bf8 17. Bc5 Nd7 18. Bxf8 Nxf8 19. gxf6 1-0

[Event "Championnat de France des Jeunes - Pupil"]
[Site "LE GRAND BORNAND"]
[Date "????.??.??"]
[Round "4.15"]
[White "Siclet, Mathieu"]
[Black "Lavigne-Quilichini, Pierre-Paul"]
[Result "1-0"]
[WhiteElo "1780"]
[BlackElo "1490"]
[PlyCount "81"]

1. e4 e6 2. d4 d5 3. Bd3 c5 4. dxc5 Bxc5 5. exd5 exd5 6. Nc3 Nc6 7. a3 Nf6 8.
Bg5 O-O 9. Nf3 Re8+ 10. Be2 d4 11. Nb1 Bg4 12. O-O Qe7 13. Bb5 Rad8 14. Qd3
Bxf3 15. Qxf3 Rd6 16. Nd2 Red8 17. Rfe1 Re6 18. Rxe6 fxe6 19. Bxc6 bxc6 20.
Qxc6 d3 21. cxd3 Bxf2+ 22. Kxf2 Ng4+ 23. Kg1 Qxg5 24. Qxe6+ Kh8 25. Nf3 Qc5+
26. d4 Qh5 27. h3 Nf6 28. Qe5 Qf7 29. Rc1 Re8 30. Qc7 Re7 31. Qc4 Qf8 32. Qc8
Re8 33. Qc5 Qf7 34. b4 Ne4 35. Qc7 Re7 36. Qb8+ Re8 37. Rc8 Nf6 38. Rxe8+ Nxe8
39. Ne5 Qh5 40. g4 Qxe5 41. dxe5 1-0

[Event "Championnat de France des Jeunes - Pupillettes"]
[Site "LE GRAND BORNAND"]
[Date ""]
[Round "4.1"]
[White "Aflalo, Sophie"]
[Black "Monpeurt, Cyrielle"]
[Result "0-1"]
[WhiteElo "1954"]
[BlackElo "1640"]
[Annotator ""]

1. e4 e5 2. Nf3 Nc6 3. Bc4 Bc5 4. Nc3 Nf6 5. d3 d6 6. Bg5 h6 7. Bxf6
Qxf6 8. Nd5 Qd8 9. c3 Be6 10. b4 Bb6 11. a4 a6 12. Nxb6 cxb6 13. Bxe6
fxe6 14. Nd2 O-O 15. O-O Rc8 16. Qb3 d5 17. Rad1 Ne7 18. Nf3 Ng6 19.
Ne1 Nf4 20. c4 Ne2+ 21. Kh1 Qh4 22. d4 Rxf2 23. Rxf2 Qxf2 24. Nc2 Rf8
25. h3 Ng3+ 26. Kh2 Nf1+ 27. Rxf1 Qxf1 28. exd5 Qf4+ 29. Qg3 exd5 30.
cxd5 exd4 31. d6 Qxg3+ 32. Kxg3 d3 33. Ne3 d2 34. d7 Rd8 35. Kf2 Rxd7
36. Ke2 Kf7 37. Kd1 Kf6 38. Nc4 Kf5 39. Nxb6 Rd4 40. a5 Rxb4 41. g4+
Ke4 42. Kxd2 Rb2+ 43. Kc3 Rh2 44. Nc8 Rxh3+ 45. Kc4 h5 46. Nd6+ Ke5
47. Nf7+ Kf6 48. Nd6 hxg4 49. Kc5 g3 50. Ne4+ Ke5 51. Nxg3 Rxg3 52.
Kc4 g5 53. Kb4 g4 54. Ka4 Rf3 55. Kb4 g3 56. Kc5 g2 57. Kb6 g1Q+ 58.
Kc7 Qg6 59. Kb8 Rf8+ 0-1

[Event "Championnat de France des Jeunes - Pupil"]
[Site "LE GRAND BORNAND"]
[Date "????.??.??"]
[Round "4.3"]
[White "Bekhouche, Marion"]
[Black "Belafkih, Kimia"]
[Result "1-0"]
[WhiteElo "1756"]
[BlackElo "1600"]
[PlyCount "43"]

1. d4 d5 2. c4 e6 3. Nc3 c6 4. Nf3 Nf6 5. Bg5 Nbd7 6. cxd5 exd5 7. e3 h6 8. Bh4
Bb4 9. Bd3 O-O 10. O-O Re8 11. Re1 Qc7 12. a3 Bd6 13. e4 dxe4 14. Nxe4 Nxe4 15.
Bxe4 b6 16. Bh7+ Kf8 17. Rxe8+ Kxe8 18. Qe2+ Kf8 19. Re1 Bb7 20. Be7+ Ke8 21.
Bxd6+ Kd8 22. Qe8# 1-0

[Event "Championnat de France des Jeunes - Pupil"]
[Site "LE GRAND BORNAND"]
[Date "????.??.??"]
[Round "4.4"]
[White "Rigolot, Lucie"]
[Black "Fischer, Julie"]
[Result "0-1"]
[WhiteElo "1654"]
[BlackElo "1600"]
[PlyCount "48"]

1. e4 c5 2. Nf3 Nc6 3. d4 cxd4 4. Nxd4 Nf6 5. Nc3 g6 6. Bc4 Qb6 7. Ndb5 Bg7 8.
Be3 Qa5 9. f3 a6 10. Nd4 Qb4 11. Nxc6 dxc6 12. Bb3 O-O 13. Qd2 b5 14. O-O Nh5
15. a3 Qa5 16. Bc5 Qc7 17. Qf2 Be5 18. g3 Bh3 19. f4 Bxc3 20. bxc3 Bxf1 21.
Rxf1 Nf6 22. e5 Ne4 23. Qe3 Nxc5 24. Qxc5 Qa7 0-1

[Event "Championnat de France des Jeunes - Pupil"]
[Site "LE GRAND BORNAND"]
[Date "????.??.??"]
[Round "4.5"]
[White "Henry, Laura"]
[Black "Navrotescu, Andreea Cristiana"]
[Result "1-0"]
[WhiteElo "1606"]
[BlackElo "1670"]
[PlyCount "47"]

1. e4 c5 2. Nf3 d6 3. Nc3 Nf6 4. Bc4 e6 5. d4 cxd4 6. Nxd4 a6 7. Nf3 b5 8. Bd3
Bb7 9. O-O b4 10. Ne2 Nxe4 11. Bxe4 Bxe4 12. Ng3 Bb7 13. Bd2 a5 14. Re1 Be7 15.
c3 bxc3 16. Bxc3 O-O 17. Bxg7 Kxg7 18. Nh5+ Kg8 19. Qd4 f6 20. Qg4+ Kf7 21.
Qxe6+ Kg6 22. Qg4+ Kf7 23. Ng5+ Kg6 24. Ne6+ 1-0

[Event "Championnat de France des Jeunes - Pupil"]
[Site "LE GRAND BORNAND"]
[Date "????.??.??"]
[Round "4.6"]
[White "Feller, Alice"]
[Black "Aggoune, Audessa"]
[Result "1/2-1/2"]
[WhiteElo "1570"]
[BlackElo "1620"]
[PlyCount "53"]

1. d4 d5 2. Bg5 Nf6 3. Bxf6 gxf6 4. Nf3 Bf5 5. e3 a6 6. c4 dxc4 7. Bxc4 Rg8 8.
Rg1 e6 9. Nc3 Bd6 10. h3 h5 11. Qd2 Nd7 12. e4 Bh7 13. Qe3 Qe7 14. Qe2 O-O-O
15. g3 Rg7 16. Nd2 Bg6 17. Nb3 Rdg8 18. a3 e5 19. Nd5 Qe8 20. Bxa6 Bxe4 21.
Bxb7+ Kxb7 22. Na5+ Kb8 23. Nc6+ Kb7 24. Na5+ Kb8 25. Nc6+ Kb7 26. Na5+ Kb8 27.
Nc6+ 1/2-1/2

[Event "Championnat de France des Jeunes - Pupil"]
[Site "LE GRAND BORNAND"]
[Date "????.??.??"]
[Round "4.8"]
[White "Monemvasitis, Athina"]
[Black "Griggio, Julie"]
[Result "1/2-1/2"]
[WhiteElo "1460"]
[BlackElo "1600"]
[PlyCount "96"]

1. e4 e6 2. d4 d5 3. e5 c5 4. c3 Nc6 5. Nf3 Qb6 6. Bd3 cxd4 7. cxd4 Bd7 8. O-O
Nxd4 9. Nxd4 Qxd4 10. Re1 Qb6 11. Nd2 Bc5 12. Qf3 Ne7 13. Nb3 Bb4 14. Be3 Qc7
15. Bd2 Bxd2 16. Nxd2 Ng6 17. Qg3 a6 18. Nb3 Qd8 19. Nd4 Qh4 20. Qxh4 Nxh4 21.
Rac1 Kd8 22. g3 Ng6 23. Kg2 Rc8 24. Rxc8+ Kxc8 25. f4 Ne7 26. b4 Nc6 27. Rc1
Kb8 28. Nxc6+ Bxc6 29. Kf3 g6 30. a3 Rc8 31. Kg4 h6 32. Kh3 Ba4 33. Rxc8+ Kxc8
34. Kg2 Kd7 35. h3 Bb3 36. Kf3 b5 37. g4 Bc4 38. Be2 Ke7 39. Bd1 f6 40. Ke3 f5
41. Kf2 d4 42. Kf3 d3 43. Ke3 Kd7 44. Kd4 Kc6 45. Ke3 Kb6 46. Kd4 Kc6 47. Ke3
Kb6 48. Kd4 Kc6 1/2-1/2

[Event "Championnat de France des Jeunes - Pupil"]
[Site "LE GRAND BORNAND"]
[Date "????.??.??"]
[Round "4.9"]
[White "Pivard, Elsa"]
[Black "Pouillart, Cecile"]
[Result "1-0"]
[WhiteElo "1460"]
[BlackElo "1600"]
[PlyCount "101"]

1. e4 e5 2. Nf3 Nc6 3. Bc4 Bc5 4. Nc3 Nf6 5. d3 d6 6. h3 Be6 7. Nd5 Qd7 8. Bg5
Bxd5 9. Bxd5 Nxd5 10. exd5 Ne7 11. Bxe7 Qxe7 12. O-O O-O-O 13. Re1 Qf6 14. c3
Bb6 15. a4 a5 16. b4 g5 17. bxa5 Bxa5 18. Qb3 e4 19. Rab1 b6 20. dxe4 Qxc3 21.
Qxc3 Bxc3 22. Rec1 Ba5 23. Rc2 f6 24. Nd4 Kb7 25. Nc6 Ra8 26. Kf1 Rhe8 27. Rc4
h5 28. Rbc1 Bd2 29. R1c2 Bf4 30. g3 Be5 31. Nxe5 fxe5 32. Rxc7+ Ka6 33. Rd7
Red8 34. Rxd8 Rxd8 35. Rc7 Ka5 36. Rh7 Kxa4 37. Rxh5 b5 38. Ke2 b4 39. Kd2 Kb3
40. Rh7 Rb8 41. Kc1 Rc8+ 42. Kb1 Rc4 43. f3 Rd4 44. Kc1 Rd3 45. Rf7 Ka2 46.
Ra7+ Ra3 47. Rxa3+ Kxa3 48. Kb1 b3 49. h4 gxh4 50. gxh4 Kb4 51. h5 1-0

[Event "Championnat de France des Jeunes - Pupil"]
[Site "LE GRAND BORNAND"]
[Date "????.??.??"]
[Round "4.10"]
[White "Andre, Severine"]
[Black "Gaguech, Elisa"]
[Result "1-0"]
[WhiteElo "1590"]
[BlackElo "1450"]
[PlyCount "75"]

1. e4 c5 2. d4 cxd4 3. c3 d3 4. Bxd3 Nc6 5. Nf3 d6 6. O-O Nf6 7. Be3 e6 8. c4
Be7 9. Nc3 O-O 10. a3 a5 11. Qc2 e5 12. Rfd1 Bg4 13. Be2 Qc7 14. Rd2 Rfd8 15.
Rad1 Rd7 16. h3 Be6 17. Qb3 a4 18. Qb6 Qxb6 19. Bxb6 Ra6 20. c5 Ra8 21. cxd6
Bd8 22. Bxd8 Rdxd8 23. Bb5 Na5 24. Nxe5 Nb3 25. Re2 Nc5 26. f4 Bb3 27. Rdd2 Nh5
28. f5 Ng3 29. Re3 Nh5 30. g4 Nf6 31. Nf3 Ne8 32. e5 h6 33. h4 Kh7 34. g5 hxg5
35. hxg5 f6 36. Bxe8 Rxe8 37. g6+ Kh6 38. Rh2# 1-0

[Event "Championnat de France des Jeunes - Pupil"]
[Site "LE GRAND BORNAND"]
[Date "????.??.??"]
[Round "4.11"]
[White "Bouveron, Clara"]
[Black "Vignette, Jeanne"]
[Result "1-0"]
[WhiteElo "1440"]
[BlackElo "1590"]
[PlyCount "59"]

1. e4 e5 2. Nf3 Nc6 3. Nc3 Nf6 4. d4 exd4 5. Nxd4 Bc5 6. Nxc6 bxc6 7. Bg5 h6 8.
Bh4 Qe7 9. Bd3 d5 10. Qe2 d4 11. Na4 Bb4+ 12. c3 dxc3 13. bxc3 Qe5 14. Rc1 Qf4
15. O-O Bxc3 16. Bg3 Bg4 17. f3 Bd4+ 18. Kh1 Qe3 19. fxg4 Qxe2 20. Bxe2 Nxe4
21. Bf3 Nxg3+ 22. hxg3 Rb8 23. Rcd1 Rb4 24. Bxc6+ Kf8 25. Rfe1 g6 26. Re8+ Kg7
27. Rxh8 Kxh8 28. a3 Rc4 29. Bb5 Rc5 30. Nxc5 1-0

[Event "Championnat de France des Jeunes - Pupil"]
[Site "LE GRAND BORNAND"]
[Date "????.??.??"]
[Round "4.12"]
[White "Langlais, Victoire"]
[Black "Savalle, Mathilde"]
[Result "0-1"]
[WhiteElo "1440"]
[BlackElo "1580"]
[PlyCount "92"]

1. e4 c5 2. Nf3 Nc6 3. d4 cxd4 4. Nxd4 Nf6 5. Nc3 d6 6. Bc4 e6 7. Bg5 Be7 8.
Qd2 O-O 9. O-O-O a6 10. Qe2 b5 11. Nxc6 Qc7 12. Nxe7+ Qxe7 13. Bd3 b4 14. Nb1
h6 15. Bh4 e5 16. Bc4 Bb7 17. f3 Rfc8 18. Bb3 a5 19. Bd5 Bxd5 20. Rxd5 g5 21.
Bxg5 hxg5 22. Rdd1 a4 23. h4 Nh7 24. Qd2 b3 25. Nc3 bxc2 26. Qxc2 a3 27. b3 Qc7
28. Rd3 Ra6 29. Re1 Rc6 30. Ree3 gxh4 31. b4 Kh8 32. Qb3 Rg8 33. Qc2 h3 34. g4
Rc8 35. Kd2 Rb8 36. Qb3 Qb7 37. Nd5 Ra6 38. Re1 Ng5 39. Rb1 Qa7 40. Kc2 Rc8+
41. Nc3 Qf2+ 42. Rd2 Qxf3 43. Re1 Nxe4 44. Rd3 Qf2+ 45. Kd1 Rxc3 46. Rxc3 Qd2#
0-1

[Event "Championnat de France des Jeunes - Pupil"]
[Site "LE GRAND BORNAND"]
[Date "????.??.??"]
[Round "4.13"]
[White "Abbassi, Zeyneb"]
[Black "Stubbe, Alicia"]
[Result "0-1"]
[WhiteElo "1410"]
[BlackElo "1570"]
[PlyCount "40"]

1. e4 c5 2. Nf3 e6 3. Nc3 d5 4. d4 Nc6 5. dxc5 d4 6. Ne2 Bxc5 7. Nf4 e5 8. Nd3
Bd6 9. c3 Nf6 10. Qb3 Nxe4 11. Qc4 Be6 12. Qa4 O-O 13. cxd4 exd4 14. Nxd4 Bb4+
15. Nxb4 Qxd4 16. a3 Nxb4 17. Qxb4 Qxf2+ 18. Kd1 Rfd8+ 19. Bd2 Rxd2+ 20. Kc1
Qe1# 0-1

[Event "Championnat de France des Jeunes - Pupil"]
[Site "LE GRAND BORNAND"]
[Date "????.??.??"]
[Round "4.14"]
[White "Sonet, Kelly"]
[Black "Navez, Flore"]
[Result "1-0"]
[WhiteElo "1380"]
[BlackElo "1560"]
[PlyCount "79"]

1. d4 d5 2. c4 e6 3. Nc3 Nf6 4. Bg5 Be7 5. Nf3 b6 6. e3 Bb7 7. Be2 h6 8. Bh4
Nbd7 9. O-O Ne4 10. Bxe7 Qxe7 11. Nb5 Qd8 12. Rc1 a6 13. Nc3 O-O 14. Bd3 Rc8
15. Qc2 f5 16. Ne2 Ng5 17. Ne5 Nxe5 18. dxe5 Kh8 19. Nf4 Nf3+ 20. Kh1 Re8 21.
cxd5 Nxe5 22. Qc3 Nxd3 23. Qxd3 Bxd5 24. Nxd5 Qxd5 25. Qxa6 Ra8 26. Qc4 Qxc4
27. Rxc4 Rxa2 28. Rxc7 Rxb2 29. h3 b5 30. Rd1 e5 31. Rdd7 Rg8 32. Rb7 b4 33.
Kg1 Kh7 34. h4 Kg6 35. Rb6+ Kh5 36. g3 b3 37. Rb5 Rb1+ 38. Kg2 b2 39. Re7 g6
40. Rexe5 1-0

[Event "Championnat de France des Jeunes - Pupil"]
[Site "LE GRAND BORNAND"]
[Date "????.??.??"]
[Round "4.15"]
[White "Gourdelier, Alice"]
[Black "Verwaerde, Jolanthe"]
[Result "1-0"]
[WhiteElo "1550"]
[BlackElo "1410"]
[PlyCount "103"]

1. e4 d5 2. Bd3 e5 3. Nf3 Nc6 4. O-O Nf6 5. Re1 d4 6. Bb5 Bd7 7. Bxc6 Bxc6 8.
d3 Bd6 9. c3 dxc3 10. Nxc3 O-O 11. d4 Re8 12. d5 Bd7 13. Qd3 c6 14. Be3 cxd5
15. Nxd5 Nxd5 16. Qxd5 Bc6 17. Qd3 a6 18. Red1 Bc7 19. Qb3 Qe7 20. Qc4 Qe6 21.
Qxe6 Rxe6 22. Rac1 Rc8 23. h3 Ree8 24. Nd2 Ba5 25. Nc4 Bc7 26. f3 Rcd8 27. Bb6
Bxb6+ 28. Nxb6 f6 29. Nc4 Rxd1+ 30. Rxd1 b5 31. Rd6 Bb7 32. Rb6 bxc4 33. Rxb7
Rd8 34. Ra7 Rd1+ 35. Kh2 Rd2 36. Rb7 a5 37. a3 h5 38. Rc7 Rc2 39. b4 cxb3 40.
Rb7 b2 41. Kg3 Kh7 42. Kh4 Rxg2 43. Kxh5 Rf2 44. Kg4 Kh6 45. Kg3 Re2 46. f4
exf4+ 47. Kxf4 g5+ 48. Kf5 Rf2+ 49. Ke6 Kg6 50. Rb8 Re2 51. Rg8+ Kh7 52. Kf7
1-0